000 01221cam a2200301 i 4500
999 _c20334
_d20334
005 20181019122259.0
008 170126t20162016ck ao r 000 0 spa d
020 _a9789585862562 (Colección)
020 _a9789585862593 (Compendio)
040 _aCO-BoPUJ
_cCO-BoPUJ
_dCO-BoIAVH
041 0 _aspa
044 _ack
082 0 4 _a709.8
_bE18t1
245 0 0 _aJosé Alejandro Restrepo :
_bcompendio
_cdirección editorial José Roca y Alejandro Martín
246 3 0 _aCompendio
250 _aPrimera edición.
260 _aBogotá (Colombia) :
_bSeguros Bolívar,
_c2016.
300 _a112 páginas :
_bilustraciones y fotografías ;
_c29 x 25 cm
490 0 _aColección de Arte Contemporáneo Seguros Bolívar
504 _aIncluye referencias bibliográficas.
600 1 4 _aRestrepo Hernández, José Alejandro
_d1959-
_vTrabajos artísticos
_xExposiciones
650 2 4 _aArte colombiano
_vExposiciones
_vCatálogos
650 2 6 _aArtistas plásticos colombianos
_vExposiciones
700 1 _aRestrepo Hernández, José Alejandro
_d1959-
_eilustrador
700 1 _aRoca, José Ignacio
_d1962-
_eeditor
700 1 _aMartín, Alejandro
_eeditor
942 _2ddc
_cLIBRO